000 00315nam a2200109Ia 4500
008 200302s9999 xx 000 0 und d
100 _aManfred Wundram Thomas Pape
245 _aAndrea Palladio 1508-1580 Architect Between the Renaissance & Baroque
260 _bTaschen Verlag Gmbh
260 _c1993
300 _a245 P.,
999 _c921
_d921